000
00280nam a2200097Ia 4500
001
983806
005
20251230103402.0
008
250824s9999 xx 000 0 und d
245
0
_a
ÇOCUKLAR İÇİN SHERLOCK HOLMES - GÜMÜŞ ŞİMŞEK
_c
SİR ARTHUR CONAN DOYLE
260
_b
Ren Kitap
999
_c
983806
_d
983806